Cantigas d'el-Rei D. Dinis (Registo nº 201954)

Detalhes MARC
000 -Etiqueta do registo
Valores 00744nam 22002053 4500
100 ## - Dados gerais de processamento
Dados gerais 20260424d u||y0pory50 ba
200 ## - Titulo e menção de responsabilidade
Título próprio Cantigas d'el-Rei D. Dinis
Primeira menção de responsabilidade prefácio, compilação e notas de Álvaro Júlio da Costa Pimpão
210 ## - Publicação
Local de publicação Lisboa
Nome do editor Livraria A. M. Teixeira
Data de publicação 1942
215 ## - Descrição física 
Paginação / Volumes 93, [2] p.
Outras indicações físicas brochado
Dimensões 19 cm
225 ## - Colecção 
Título próprio da colecção Clássicos portugueses. Séculos XIII a XV. Poesia
300 ## - Notas gerais 
Texto da nota Contém nota do Prof. Dr. Almeida Faria
606 ## - Nome comum usado como assunto
ID Autoridade 23
Palavra de ordem Literatura Portuguesa
Subdivisão assunto Poesia
675 ## - CDU
Notação 821.134.3-1
Edição PT
Língua por
700 ## - Autor principal (pessoa individual)
ID Autoridade 17188
Apelido Dinis
Nome Rei de Portugal
Datas 1261-1325
702 ## - Autor secundário (pessoa individual)
ID Autoridade 12476
Apelido Pimpão
Nome Álvaro J. da Costa
801 ## - Fonte de origem
País PT
Agência BMMN
Regras de catalogação RPC
830 ## - Notas gerais do catalogador
Criado por Ana Falardo
Indexado por Ana Falardo
990 ## - Elementos KOHA
Tipo de documento Livro
Exemplares
Situação do levantamento Biblioteca de origem Código de barras Cota Permissão de empréstimo Tipo de documento Nota relativa ao exemplar Forma de aquisição
  Biblioteca Municipal de Montemor-o-Novo 31353 821.134.3-1 DIN|SAF   Livro Acesso Condicionado Oferta

Powered by Koha